| 000 -LEADER |
| fixed length control field |
00630cam a22002057 4500 |
| 001 - CONTROL NUMBER |
| control field |
8647880 |
| 005 - DATE AND TIME OF LATEST TRANSACTION |
| control field |
20180228034736.0 |
| 008 - FIXED-LENGTH DATA ELEMENTS--GENERAL INFORMATION |
| fixed length control field |
910204s1948 fr 000 0 fre |
| 010 ## - LIBRARY OF CONGRESS CONTROL NUMBER |
| LC control number |
ltf91003417 |
| 040 ## - CATALOGING SOURCE |
| Original cataloging agency |
DLC |
| Transcribing agency |
DLC |
| Modifying agency |
DLC |
| 041 1# - LANGUAGE CODE |
| Language code of text/sound track or separate title |
fre |
| 080 ## - UNIVERSAL DECIMAL CLASSIFICATION NUMBER |
| Universal Decimal Classification number |
591 |
| 082 ## - DEWEY DECIMAL CLASSIFICATION NUMBER |
| Edition number |
591 KIN |
| 100 1# - Rafti |
| Rafti |
7 |
| 101 ## - Shkurtesa |
| Shkurtesa |
ZOO |
| 240 10 - UNIFORM TITLE |
| Uniform title |
<a href="Sexual behavior in the human male.">Sexual behavior in the human male.</a> |
| Language of a work |
French |
| 245 03 - TITLE STATEMENT |
| Title |
Le comportement sexuel de l'homme. |
| Statement of responsibility, etc |
Avec la collaboration de Wardell B. Pomeroy et Clyde E. Martin. [Traduit de l'anglais par Eugène Bestaux [et al.] |
| 906 ## - LOCAL DATA ELEMENT F, LDF (RLIN) |
| a |
0 |
| b |
cbc |
| c |
premunv |
| d |
u |
| e |
ncip |
| f |
19 |
| g |
y-gencatlg |
| 942 ## - ADDED ENTRY ELEMENTS (KOHA) |
| Source of classification or shelving scheme |
|
| Item type |
Books |